000 01736cam a22004577a 4500
003 CHAP
005 20220329142745.0
008 030609s2003 mx r 00010 spa d
010 _a87335
011 _a88307
035 _a98852
040 _cCHAP
090 _aTesis
100 0 0 _aAvila Nolasco, Nelson.
_98821
245 1 0 _aEstudio de factibilidad para el establecimiento de un beneficio seco de café (Coffea arabica) en Jaltenango, Chiapas
_c/por Nelson Avila Nolasco e Inés Contreras Morales
260 _aChapingo, Méx. :
_bEl autor,
_c2003.
300 _a171 h. :
_bilus. , anexos
502 _aTesis (Ing. Agroindustrial) -- UACH. Departamento de Ingeniería Agroindustrial
530 _aTambién disponible en línea
590 _aALEPH
_b10
_c20130110
_lUCH01
_h1454
590 _aBATCH-UPD
_b10
_c20130110
_lUCH01
_h0425
590 _aBATCH-UPD
_b10
_c20130110
_lUCH01
_h2047
590 _aBATCH-UPD
_b10
_c20130410
_lUCH01
_h0100
590 _aBATCH-UPD
_b10
_c20130914
_lUCH01
_h0457
590 _aBATCH-UPD
_b10
_c20140324
_lUCH01
_h1439
590 _aBATCH-UPD
_b10
_c20141002
_lUCH01
_h0818
590 _aBATCH
_b00
_c20181121
_lUCH01
_h0758
590 _aCONVERSION
_b10
_c20130109
_lUCH01
_h1348
650 1 4 _aCafé orgánico.
_917217
650 1 4 _aCafé
_xChiapas.
_917115
650 1 4 _aCafé
_xMercadeo
_zChiapas.
_917172
650 1 4 _aCafé
_xRendimiento.
_917196
700 0 _aContreras Nolasco, Nelson.
_927522
856 _3Finding aid
_uhttp://10.13.5.2/tesis/98852.pdf
_zTeclea aqui
856 _a1
_n0000634
901 _aBK
905 _aAlejandra Carrasco M.
942 _cFOLL
949 _aTesis
_bBC
_cTES
_d33724000894671
_eTS2
_fc.2
_h41020
_i98852
_si
949 _aTesis
_bBC
_cTES
_d98852
_eTS1
_h41019
_i98852
_sb
999 _c87335
_d87335